00920nam a2200217 a 450000100100000000500170001000800410002702000150006804000250008308200220010824501310013026001100026130000210037149000310039250400740042365000330049765000650053065000470059570000290064283000310067100002123920200930011253.0100902s1994 mx r 000 e spa d a9682953162 aDO-SdBNPbspacBNPHU a321.8bE59p, 199400aEnsayos sobre una polémica inconclusa :bla transición a la democracia en América Latina /cAgustín Cueva, compilador. aMéxico :bDirección General de Publicaciones del Consejo Nacional para la Cultura y las Artes,c1994. a248 p. ;c21 cm.1 aClaves de América Latina aIncluye referencias bibliográficas y notas al pie de las páginas. 4aDemocraciazAmérica Latina 4aAutoritarismozAmérica LatinaxEnsayos, conferencias, etc. 4aAmérica latinaxCondiciones económicas1 aCueva, Agustín,ecomp. 0aClaves de América Latina